Presidenti dell'Emilia-Romagna - Statistics

Statistiche generali
  • Questo quiz è stato fatto 8 volte
  • Il punteggio medio è 4 su 9
Statistiche sulle risposte
Data Presidente % Corretto
2014-... Bonaccini
100%
1993-1996 Bersani
57%
1999-2014 Errani
43%
1970-1976 Fanti
43%
1990-1993 Boselli
29%
1976-1977 Cavina
29%
1987-1990 Guerzoni
29%
1996-1999 La Forgia
29%
1978-1987 Turci
29%
Nessun quiz corrispondente trovato
Distribuzione punteggi
Percentuale di utenti per punteggio
Percentile per numero di risposta
I tuoi punteggi nel tempo
Non hai fatto questo quiz